| 000 | 01326nam a2200337Ia 4500 | ||
|---|---|---|---|
| 001 | ebr10404922 | ||
| 003 | CaPaEBR | ||
| 006 | m u | ||
| 007 | cr cn||||||||| | ||
| 008 | 000321s1999 enk sb 001 0 eng d | ||
| 020 | _z9780826451989 | ||
| 020 | _z0826451985 (pbk) | ||
| 020 | _z0304704598 (hbk) | ||
| 040 |
_aCaPaEBR _cCaPaEBR |
||
| 035 | _a(OCoLC)680617271 | ||
| 050 | 1 | 4 |
_aLB1028 _b.S36 1999eb |
| 100 | 1 |
_aScott, David, _d1951- |
|
| 245 | 1 | 0 |
_aResearching education _h[electronic resource] : _bdata, methods and theory in educational enquiry / _cDavid Scott and Robin Usher. |
| 260 |
_aLondon ; _aNew York : _bCassell, _cc1999. |
||
| 300 | _avi, 179 p. | ||
| 490 | 1 | _aInstitute of Education series | |
| 504 | _aIncludes bibliographical references (p. [163]-171) and indexes. | ||
| 533 |
_aElectronic reproduction. _bPalo Alto, Calif. : _cebrary, _d2011. _nAvailable via World Wide Web. _nAccess may be limited to ebrary affiliated libraries. |
||
| 650 | 0 |
_aEducation _xResearch. |
|
| 650 | 0 |
_aTeaching _xResearch. |
|
| 655 | 7 |
_aElectronic books. _2local |
|
| 700 | 1 |
_aUsher, Robin, _d1944- |
|
| 710 | 2 | _aebrary, Inc. | |
| 830 | 0 | _aInstitute of Education series. | |
| 856 | 4 | 0 |
_uhttp://site.ebrary.com/lib/rucke/Doc?id=10404922 _zAn electronic book accessible through the World Wide Web; click to view |
| 999 |
_c82062 _d82062 |
||